LEADER 01346nam a2200277 a 4500 001 000000155568 003 CaOOAMICUS 005 20161027122705.0 008 161027s1978 it u000 u eng r 032 $aLibriCat 040 $aPUL$bita 100 1 $aFinegan, Peter,$cO.P.$0(OLS)http://pul/name/99068 245 14$aThe necessary act of salvific faith :$bfunction of the magisterium /$cPeter Finegan, O.P. 260 $aRoma :$bPontificia Universitą S. Tommaso d'Aquino,$c1978. 300 $aVIII, 243 p. ;$c24 cm. 500 $aIn testa al front.: Pontificia Studiorum Universitas a S. Thoma Aq. in Urbe. 502 $aTesi -- Pontificiam Universitatem S. Thomae de Urbe, Facultate S. Theologiae, 1978. 504 $aBibliografia in nota. 650 4$aFede$xTeologia.$0(OLS)http://pul/subject/40413 710 2 $aPontificia Universitą S. Tommaso.$bFacoltą di teologia.$kTesi.$0(OLS)http://pul/name/81834 850 $aPUL 852 $aPUL$W1$xDP1 Tesi Pon. Univ. S. Tommaso$y44$mTH S.THOM TH593$j178723$qTesi$B181889$CPULBib$Z2$F181889 $H45295 $81 941 1 $a16 996 $6245$aThe necessary act of salvific faith :$bfunction of the magisterium$9(OLS)http://pul/title/195228 996 $6260$aRoma :$bPontificia Universitą S. Tommaso d'Aquino$9(OLS)http://pul/publisher/74417 LEADER 01258nam a2200289 a 4500 001 000000170392 003 CaOOAMICUS 005 20181112085052.0 008 181112s2018 it 000 u ita r 020 $a978-88-3379-024-4* 032 $aLibriCat 040 $aPUL$bita 082 04$a345.02 100 1 $aCucchi, Bruno.$0(OLS)http://pul/name/108043 245 10$aDiritto processuale tributario :$besplicazione teorico-pratica del procedimento /$cBruno Cucchi. 260 $aOspedaletto (Pisa) :$bPacini Giuridica,$c©2018. 300 $aX, 285 p. ;$c24 cm. 504 $aBibliografia in nota a pič pagina. 650 4$aDiritto processuale tributario.$0(OLS)http://pul/subject/45723 850 $aPUL 852 $aPUL$W1$xSL Diritto e Scienze Sociali 3$y79$m345. 02 CUCBR 1$j193280$qDDC 21$B198702$CPULBib$Z2$F198702 $H131578 $81 941 1 $a9 996 $6020$a978-88-3379-024-4*$9(OLS)http://pul/number/165243 996 $6082$a345.02$9(OLS)http://pul/classification/2015 996 $6245$aDiritto processuale tributario :$besplicazione teorico-pratica del procedimento$9(OLS)http://pul/title/211151 996 $6260$aOspedaletto (Pisa) :$bPacini Giuridica$9(OLS)http://pul/publisher/86747